|
|
|
|
| LEADER |
00000nam2a2200000 4500 |
| 001 |
326056 |
| 005 |
20231102003825.0 |
| 035 |
|
|
|a (RuTPU)RU\TPU\book\351672
|
| 035 |
|
|
|a RU\TPU\book\351636
|
| 090 |
|
|
|a 326056
|
| 100 |
|
|
|a 20161216d1981 k y0rusy5003 ca
|
| 101 |
0 |
|
|a rus
|
| 102 |
|
|
|a UA
|
| 105 |
|
|
|a a z 001zy
|
| 200 |
0 |
|
|a Вып. 18
|f отв. ред. Н. Ф. Воллернер
|
| 210 |
|
|
|d 1981
|
| 215 |
|
|
|d 21 см
|a 102 с.
|c ил.
|
| 320 |
|
|
|a Библиография в конце статей
|
| 461 |
|
1 |
|0 (RuTPU)RU\TPU\book\115673
|t Радиотехника
|o [сборник статей]
|f Киевский политехнический институт (КПИ)
|v Вып. 18
|d 1956-1991
|s Вестник Киевского политехнического института
|
| 606 |
1 |
|
|a Радиотехника
|2 stltpush
|3 (RuTPU)RU\TPU\subj\71345
|9 85301
|
| 610 |
1 |
|
|a объемные резонаторы
|
| 610 |
1 |
|
|a перестройка
|
| 610 |
1 |
|
|a оценка
|
| 610 |
1 |
|
|a графические методы
|
| 610 |
1 |
|
|a полупроводниковые СВЧ-устройства
|
| 610 |
1 |
|
|a матрицы
|
| 610 |
1 |
|
|a применение
|
| 610 |
1 |
|
|a волоконно-оптические датчики
|
| 610 |
1 |
|
|a волоконно-оптические преобразователи
|
| 610 |
1 |
|
|a лазерные доплеровские анемометры
|
| 610 |
1 |
|
|a ферритовые резонаторы
|
| 610 |
1 |
|
|a замедляющие системы
|
| 610 |
1 |
|
|a умножители частоты
|
| 610 |
1 |
|
|a многоканальные направленные ответвители
|
| 610 |
1 |
|
|a отражательные усилители
|
| 610 |
1 |
|
|a диэлектрические резонаторы
|
| 610 |
1 |
|
|a полупроводниковые СВЧ-аттенюаторы
|
| 675 |
|
|
|a 621.37
|z rus
|v 4
|
| 702 |
|
1 |
|a Воллернер
|b Н. Ф.
|4 340
|
| 801 |
|
0 |
|a RU
|b 63413507
|c 19950704
|g psbo
|
| 801 |
|
1 |
|a RU
|b 63413507
|c 20150421
|
| 801 |
|
2 |
|a RU
|b 63413507
|c 20161220
|g RCR
|
| 942 |
|
|
|c BK
|